[Event "Nacional Masters POR 2017-18"]
[Site "Cascais"]
[Date "2018.08.14"]
[Round "5"]
[White "Santos, Jose Alves"]
[Black "Fidalgo, Andre Neves"]
[Result "1/2-1/2"]
[WhiteElo "2118"]
[BlackElo "2187"]
[Annotator "NA"]
[PlyCount "87"]
[EventDate "2018.08.11"]
[EventType "tourn"]
[EventCountry "POR"]
[SourceTitle "playchess.com"]
[Source "ChessBase"]
[SourceQuality "1"]
[TimeControl "5400+30"]

1. e4 {[%emt 0:00:00]} c5 {[%emt 0:00:00]} 2. c3 {[%emt 0:00:00]} Nf6 {[%emt 0:00:00]} 3. e5 {[%emt 0:00:04]} Nd5 {[%emt 0:00:00]} 4. d4 {[%emt 0:00:14]} cxd4 {[%emt 0:00:00]} 5. cxd4 {[%emt 0:00:13]} e6 {[%emt 0:00:08]} 6. Nf3 {[%emt 0:01:06]} d6 {[%emt 0:00:54]} 7. Bc4 {[%emt 0:00:55]} Nb6 {[%emt 0:00:11]} 8. Bb3 {[%emt 0:01:44]} dxe5 {[%emt 0:00:22]} 9. Nxe5 {[%emt 0:00:40]} N8d7 {[%emt 0:03:47]} 10. O-O {[%emt 0:15:38]} Nxe5 {[%emt 0:07:58]} 11. dxe5 {[%emt 0:03:04]} Qxd1 {[%emt 0:00:16]} 12. Rxd1 {[%emt 0:00:02]} Bd7 {[%emt 0:00:19]} 13. Be3 {[%emt 0:04:31]} Bc6 {[%emt 0:03:56]} 14. Nc3 {[%emt 0:02:15]} Be7 {[%emt 0:02:08]} 15. a4 {[%emt 0:06:07]} O-O {[%emt 0:04:34]} 16. f4 {[%emt 0:03:56]} Nd7 {[%emt 0:06:28]} 17. a5 {[%emt 0:13:40]} Rfc8 {[%emt 0:11:07]} 18. Ne4 {[%emt 0:00:14]} Nxe5 {[%emt 0:01:31]} 19. Nd6 {[%emt 0:02:15]} Bxd6 {[%emt 0:03:00]} 20. Rxd6 {[%emt 0:00:03]} Ng4 {[%emt 0:01:15]} 21. Bd4 {[%emt 0:03:03]} Rd8 {[%emt 0:01:23]} 22. Rxd8+ {[%emt 0:08:45]} Rxd8 {[%emt 0:00:08]} 23. Rd1 {[%emt 0:00:26]} a6 {[%emt 0:00:25]} 24. h3 {[%emt 0:00:23]} Nf6 {[%emt 0:01:51]} 25. Kf2 {[%emt 0:07:51]} Ne4+ {[%emt 0:04:30]} 26. Ke3 {[%emt 0:00:01]} Ng3 {[%emt 0:00:47]} 27. Bb6 {[%emt 0:00:21]} Rxd1 {[%emt 0:02:36]} 28. Bxd1 {[%emt 0:00:01]} Kf8 {[%emt 0:12:47]} 29. Bc2 {[%emt 0:04:23]} f5 {[%emt 0:08:43]} 30. Kf2 {[%emt 0:08:09]} Nh5 {[%emt 0:00:06]} 31. g3 {[%emt 0:04:00]} Ke7 {[%emt 0:05:20]} 32. Bc5+ {[%emt 0:03:30]} Kf7 {[%emt 0:01:01]} 33. Bd6 {[%emt 0:00:25]} Nf6 {[%emt 0:01:40]} 34. Ke3 {[%emt 0:02:16]} h6 {[%emt 0:00:19]} 35. Bd3 {[%emt 0:00:28]} g5 {[%emt 0:00:47]} 36. Be2 {[%emt 0:00:37]} Ne4 {[%emt 0:02:47]} 37. Be5 {[%emt 0:05:22]} Nf6 {[%emt 0:05:33]} 38. Bxf6 {[%emt 0:01:32]} Kxf6 {[%emt 0:00:06]} 39. Kd4 {[%emt 0:00:01]} Be4 {[%emt 0:01:06]} 40. b4 {[%emt 0:00:10]} Bd5 {[%emt 0:00:30]} 41. Bd1 {[%emt 0:01:08]} Bc6 {[%emt 0:01:41]} 42. Be2 {[%emt 0:00:01]} Bd5 {[%emt 0:04:38]} 43. Bd1 {[%emt 0:00:02]} Bc6 {[%emt 0:02:50]} 44. Be2 {[%emt 0:00:01] Ke5+ Ke4+} 1/2-1/2

[Event "Nacional Masters POR 2017-18"]
[Site "Cascais"]
[Date "2018.08.15"]
[Round "6"]
[White "Dias, Paulo"]
[Black "Margarido, Jose Miguel Teixeir"]
[Result "0-1"]
[WhiteElo "2328"]
[BlackElo "2081"]
[Annotator "NA"]
[PlyCount "110"]
[EventDate "2018.08.11"]
[EventType "tourn"]
[EventCountry "POR"]
[SourceTitle "playchess.com"]
[Source "ChessBase"]
[SourceQuality "1"]
[TimeControl "5400+30"]

1. d4 {[%emt 0:07:07]} Nf6 {[%emt 0:00:00]} 2. g3 {[%emt 0:01:03]} d5 {[%emt 0:02:22]} 3. Bg2 {[%emt 0:00:51]} e6 {[%emt 0:00:29]} 4. Nf3 {[%emt 0:01:40]} b5 {[%emt 0:00:48]} 5. a4 {[%emt 0:04:19] A46: 1 d4 Nf6 2 Nf3 e6: Torre, London and Colle Systems} (5. O-O Be7 6. Nbd2 O-O 7. Ne5 Bb7 8. Nb3 a5 9. a4 b4 10. c4 bxc3 {½-½ (10) Hera,I (2620)-Piorun,K (2633) Brest 2018}) 5... b4 {[%emt 0:00:39]} 6. c4 {[%emt 0:06:07]} bxc3 {[%emt 0:01:26]} 7. bxc3 {[%emt 0:01:47]} Ba6 {[%emt 0:03:45]} 8. O-O {[%emt 0:01:50]} Be7 {[%emt 0:02:00]} 9. Ne5 {[%emt 0:04:24] LiveBook: 8 Games} O-O {[%emt 0:11:43]} 10. c4 {[%emt 0:04:56]} c6 {[%emt 0:00:28]} 11. Nd2 {[%emt 0:12:11]} Nfd7 $146 {[%emt 0:04:39]} ({Predecessor:} 11... Nbd7 12. Nxd7 {½-½ (12) Marholev,D (2284)-Balokas,D (2128) Kecskemet 2015}) 12. Bb2 {[%emt 0:01:08]} Nxe5 {[%emt 0:01:55]} 13. dxe5 {[%emt 0:00:02]} Nd7 {[%emt 0:01:37]} 14. Qc2 {[%emt 0:01:09]} Nb6 {[%emt 0:05:32]} 15. c5 {[%emt 0:10:28]} Nd7 {[%emt 0:08:08]} 16. Rfe1 {[%emt 0:04:56]} Qc7 {[%emt 0:05:23]} 17. e4 {[%emt 0:04:07]} Nxc5 {[%emt 0:08:32]} 18. exd5 {[%emt 0:10:08]} cxd5 {[%emt 0:02:00]} 19. Ba3 {[%emt 0:02:23]} Rfc8 {[%emt 0:01:19]} 20. Rac1 {[%emt 0:02:14]} Qd7 {[%emt 0:01:31]} 21. Bxc5 {[%emt 0:04:46]} Bxc5 {[%emt 0:00:54]} 22. Qa2 {[%emt 0:02:37]} h6 {[%emt 0:09:19]} 23. Bf1 {[%emt 0:01:13]} Bxf1 {[%emt 0:00:55]} 24. Nxf1 {[%emt 0:00:15]} Rc6 {[%emt 0:01:49]} 25. Rb1 {[%emt 0:03:24]} Qc7 {[%emt 0:03:41]} 26. Nd2 {[%emt 0:00:32]} (26. Qd2 $142) 26... Bd4 {[%emt 0:01:33]} 27. Qb3 {[%emt 0:03:55]} Bxe5 {[%emt 0:05:24]} 28. Nf1 {[%emt 0:02:28]} Bd4 {[%emt 0:02:06]} 29. Ne3 {[%emt 0:00:56]} Bb6 {[%emt 0:01:38]} 30. Ng4 {[%emt 0:00:33]} Rc8 {[%emt 0:01:00]} 31. Re2 {[%emt 0:00:58]} Rc3 {[%emt 0:00:57]} 32. Qb5 {[%emt 0:00:31]} Qc4 {[%emt 0:02:08]} 33. Ne5 {[%emt 0:00:49]} Qc7 $2 {[%emt 0:02:51]} ({Black should try} 33... Qxb5 $19 34. axb5 Rc2) 34. Kg2 {[%emt 0:00:36]} Bd4 {[%emt 0:00:56]} 35. Nd3 {[%emt 0:00:32]} Qc4 {[%emt 0:03:23]} 36. Rd2 {[%emt 0:00:25]} Bb6 {[%emt 0:02:22]} 37. a5 {[%emt 0:00:34]} Bd4 {[%emt 0:01:57]} 38. Qd7 {[%emt 0:00:21]} Qc7 {[%emt 0:00:45]} ({Schwächer ist} 38... Rxd3 39. Rxd3 Qxd3 40. Qxc8+ Kh7 41. Rc1 $15) 39. Qa4 {[%emt 0:00:39]} Rc4 {[%emt 0:00:23]} 40. Qb5 {[%emt 0:00:35]} Bf6 {[%emt 0:00:46]} 41. a6 {[%emt 0:00:17]} Bd4 {[%emt 0:00:47]} 42. Re2 {[%emt 0:00:40]} Bb6 {[%emt 0:00:30]} 43. Rbe1 {[%emt 0:00:18]} (43. Qb2 {might work better.}) 43... Qc6 {[%emt 0:00:31]} 44. Qb1 {[%emt 0:00:14]} d4+ {[%emt 0:00:35]} 45. Kg1 {[%emt 0:00:15]} Rc3 {[%emt 0:00:23]} 46. Rd1 {[%emt 0:00:50]} Qc4 {[%emt 0:00:28]} 47. Re4 {[%emt 0:00:56]} Rb3 {[%emt 0:00:37]} 48. Nb2 {[%emt 0:00:30]} Qb5 {[%emt 0:00:29]} 49. Rd2 {[%emt 0:00:15]} Qxa6 {[%emt 0:00:23]} 50. Qd1 {[%emt 0:00:15]} Qb5 {[%emt 0:00:28]} 51. Qa1 $19 {[%emt 0:01:00]} d3 {[%emt 0:00:35]} 52. Kg2 {[%emt 0:00:30]} Qd5 {[%emt 0:00:29]} 53. f3 {[%emt 0:00:01]} Rc2 {[%emt 0:00:36]} 54. Rxc2 {[%emt 0:00:45]} dxc2 {[%emt 0:00:01]} 55. Qc1 {[%emt 0:00:41]} Rxb2 {[%emt 0:00:46]} 0-1

[Event "Nacional Masters POR 2017-18"]
[Site "Cascais"]
[Date "2018.08.15"]
[Round "6"]
[White "Padeiro, Jose Joao Tato"]
[Black "Dias, Ivo Rodrigues"]
[Result "1/2-1/2"]
[WhiteElo "2241"]
[BlackElo "2164"]
[Annotator "NA"]
[PlyCount "51"]
[EventDate "2018.08.11"]
[EventType "tourn"]
[EventCountry "POR"]
[SourceTitle "playchess.com"]
[Source "ChessBase"]
[SourceQuality "1"]
[TimeControl "5400+30"]

1. e4 {[%emt 0:00:00]} c5 {[%emt 0:01:30]} 2. Nc3 {[%emt 0:00:00]} a6 {[%emt 0:00:47]} 3. g3 {[%emt 0:00:28]} b5 {[%emt 0:00:06]} 4. Bg2 {[%emt 0:00:10]} Bb7 {[%emt 0:00:07]} 5. d3 {[%emt 0:01:55]} e6 {[%emt 0:00:16]} 6. Nh3 {[%emt 0:00:22]} Nf6 {[%emt 0:00:10] B23: Closed Sicilian: Lines without g3} (6... b4 7. Ne2 d5 8. e5 Nc6 9. f4 Nh6 10. Nf2 Nf5 11. O-O Qb6 12. c3 Be7 13. g4 Nh4 14. Bh1 {0-1 (35) Yu,Y (2738)-Khismatullin,D (2639) Moscow 2017}) 7. O-O {[%emt 0:00:30]} d6 {[%emt 0:00:30]} 8. f4 {[%emt 0:00:51]} Qc7 {[%emt 0:01:38]} 9. e5 $146 {[%emt 0:24:37]} ({Predecessor:} 9. g4 b4 10. Nb1 h5 11. g5 Ng4 12. g6 f6 13. f5 d5 14. Nf4 {1-0 (45) Moskalenko,V (2591)-Cordova,E (2567) Sabadell 2011}) 9... Bxg2 {[%emt 0:05:27]} 10. Kxg2 {[%emt 0:00:11]} Nfd7 {[%emt 0:06:59]} 11. f5 {[%emt 0:09:11]} Nxe5 {[%emt 0:05:25]} 12. fxe6 {[%emt 0:01:05]} fxe6 {[%emt 0:00:38]} 13. Nf4 {[%emt 0:08:21]} Qd7 {[%emt 0:02:04]} 14. Ne4 {[%emt 0:01:02]} Nbc6 {[%emt 0:05:24]} 15. Qh5+ {[%emt 0:08:11]} Qf7 {[%emt 0:06:19]} 16. Qxf7+ {[%emt 0:04:38]} Kxf7 {[%emt 0:01:24]} 17. Nd5+ {[%emt 0:00:53]} Kg8 {[%emt 0:11:37]} 18. Nc7 {[%emt 0:00:51]} Rc8 {[%emt 0:00:17]} 19. Nxe6 {[%emt 0:00:08]} Be7 {[%emt 0:00:06]} 20. Bf4 {[%emt 0:11:34]} h6 {[%emt 0:02:46]} 21. Bxe5 {[%emt 0:00:26]} Nxe5 {[%emt 0:02:57]} 22. Nf4 {[%emt 0:00:49]} Kf7 {[%emt 0:02:40]} 23. Nh5+ $11 {[%emt 0:08:14]} (23. a4 $16 b4 24. Rae1) 23... Kg6 {[%emt 0:00:37]} 24. Nf4+ {[%emt 0:00:04]} Kf7 {[%emt 0:00:05]} 25. Nh5+ {[%emt 0:01:30]} Kg6 {[%emt 0:00:12]} 26. Nf4+ {[%emt 0:00:04]} 1/2-1/2

[Event "Nacional Masters POR 2017-18"]
[Site "Cascais"]
[Date "2018.08.15"]
[Round "6"]
[White "Santos, Antonio Pereira"]
[Black "Santos, Jose Alves"]
[Result "0-1"]
[WhiteElo "2194"]
[BlackElo "2118"]
[Annotator "NA"]
[PlyCount "40"]
[EventDate "2018.08.11"]
[EventType "tourn"]
[EventCountry "POR"]
[SourceTitle "playchess.com"]
[Source "ChessBase"]
[SourceQuality "1"]
[TimeControl "5400+30"]

{[%evp 8,40,65,29,87,81,77,73,32767,110,122,32767,32767,32767,32767,32767,109,16,32767,28,80,-52,-78,-855,32767,32767,32767,32767,-531,-787,-532,-1949,-2373,-1757,-2775]} 1. d4 {[%emt 0:03:19]} d5 {[%emt 0:00:00]} 2. c4 {[%emt 0:00:09]} e5 {[%emt 0:02:55]} 3. dxe5 {[%emt 0:00:09]} d4 {[%emt 0:00:03]} 4. Nf3 {[%emt 0:00:08]} Nc6 {[%emt 0:00:03]} 5. g3 {[%emt 0:00:10]} Bg4 {[%emt 0:00:41]} 6. Nbd2 {[%emt 0:00:24] LiveBook: 7 Games} Qd7 {[%emt 0:00:12] D09: Albin Counter Gambit: Main line with 5 g3} 7. a3 {[%emt 0:01:42]} O-O-O {[%emt 0:18:43]} 8. h3 {[%emt 0:17:05]} Bf5 {[%emt 0:09:29]} 9. Bg2 {[%emt 0:14:37]} Re8 $146 {[%emt 0:18:45]} ({Predecessor:} 9... Nge7 10. b4 Ng6 11. Qa4 Kb8 12. Bb2 Qe8 13. O-O h5 14. h4 Bg4 15. b5 Ncxe5 16. Nxd4 {0-1 (33) Servaty,R (2153)-Schebler,G (2482) Recklinghausen 2003}) 10. Qa4 {[%emt 0:07:53]} Kb8 {[%emt 0:22:57]} 11. g4 {[%emt 0:23:18]} Bg6 {[%emt 0:09:26]} (11... Nxe5 $14 12. Qxd7 Bxd7) 12. O-O {[%emt 0:00:50]} ({Besser ist} 12. Nb3 $16) 12... h5 {[%emt 0:01:11]} 13. Nb3 {[%emt 0:01:47]} Be4 {[%emt 0:17:35]} 14. Nbxd4 $2 {[%emt 0:06:43]} (14. Rd1 $16 Nxe5 15. Qxd7 Nxd7 16. Nbxd4) 14... hxg4 {[%emt 0:01:22]} 15. hxg4 $2 {[%emt 0:00:03]} (15. e6 $15 fxe6 16. Ne5 Nxe5 17. Qxd7 Nxd7 18. Bxe4) 15... Qxg4 {[%emt 0:02:42]} 16. Be3 {[%emt 0:02:00]} Bc5 {[%emt 0:01:04]} 17. Rfd1 {[%emt 0:00:28]} Nge7 {[%emt 0:01:10]} 18. e6 {[%emt 0:06:47]} f6 {[%emt 0:03:39]} 19. Nb5 {[%emt 0:07:38]} Bxe3 {[%emt 0:01:07]} 20. fxe3 {[%emt 0:00:02]} Nf5 $19 {[%emt 0:00:14]} 0-1

[Event "Nacional Masters POR 2017-18"]
[Site "Cascais"]
[Date "2018.08.15"]
[Round "6"]
[White "Fidalgo, Andre Neves"]
[Black "Guerra, Vitor Manuel Vestia"]
[Result "0-1"]
[WhiteElo "2187"]
[BlackElo "2127"]
[Annotator "NA"]
[PlyCount "56"]
[EventDate "2018.08.11"]
[EventType "tourn"]
[EventCountry "POR"]
[SourceTitle "playchess.com"]
[Source "ChessBase"]
[SourceQuality "1"]
[TimeControl "5400+30"]

1. d4 {[%emt 0:00:00]} d5 {[%emt 0:00:05]} 2. c4 {[%emt 0:00:00]} e6 {[%emt 0:00:19]} 3. Nf3 {[%emt 0:00:00]} c6 {[%emt 0:00:47]} 4. Qc2 {[%emt 0:00:12]} b5 {[%emt 0:00:44]} 5. cxb5 {[%emt 0:00:51]} cxb5 {[%emt 0:00:16]} 6. e4 {[%emt 0:00:13]} a6 {[%emt 0:01:09]} 7. exd5 {[%emt 0:00:52]} exd5 {[%emt 0:01:32]} 8. Bd3 {[%emt 0:01:14]} Bd6 {[%emt 0:01:10]} 9. O-O {[%emt 0:01:13]} Ne7 {[%emt 0:01:55]} 10. Bg5 {[%emt 0:06:18]} Be6 {[%emt 0:01:23]} 11. Nc3 {[%emt 0:02:26]} Nbc6 {[%emt 0:02:50]} 12. Nxb5 {[%emt 0:05:07]} axb5 {[%emt 0:05:37]} 13. Bxb5 {[%emt 0:00:11]} Rc8 {[%emt 0:00:20]} 14. Bxe7 {[%emt 0:00:10]} Kxe7 {[%emt 0:05:24]} 15. Bxc6 {[%emt 0:00:12]} Qb6 {[%emt 0:01:59]} 16. Rac1 {[%emt 0:01:02]} Rc7 {[%emt 0:00:28]} 17. Qa4 $19 {[%emt 0:03:16]} (17. b4 $11 Rhc8 18. b5 Qxb5 19. Bxb5 Rxc2 20. Ra1) 17... Rhc8 {[%emt 0:01:09]} 18. Ne5 {[%emt 0:03:12]} Bxe5 {[%emt 0:04:19]} 19. dxe5 {[%emt 0:00:07]} Kf8 {[%emt 0:10:50]} 20. b3 {[%emt 0:11:56]} Rxc6 {[%emt 0:01:26]} 21. Qa3+ {[%emt 0:00:46]} Kg8 {[%emt 0:01:05]} 22. Rxc6 {[%emt 0:01:26]} Qxc6 {[%emt 0:00:27]} 23. Qe7 {[%emt 0:04:00]} h6 {[%emt 0:00:34]} 24. Qh4 {[%emt 0:01:35]} Ra8 {[%emt 0:02:36]} 25. a4 {[%emt 0:01:23]} Rb8 {[%emt 0:01:56]} 26. Qg3 {[%emt 0:04:18]} Qc2 {[%emt 0:00:28]} 27. f4 {[%emt 0:00:38]} Rxb3 {[%emt 0:01:21]} 28. Qh4 {[%emt 0:00:56]} Rb1 {[%emt 0:00:41]} 0-1

[Event "Nacional Masters POR 2017-18"]
[Site "Cascais"]
[Date "2018.08.15"]
[Round "6"]
[White "Martins, Bruno Andre Leite"]
[Black "Martins, David Pires Tavares"]
[Result "0-1"]
[WhiteElo "2158"]
[BlackElo "2397"]
[Annotator "NA"]
[PlyCount "68"]
[EventDate "2018.08.11"]
[EventType "tourn"]
[EventCountry "POR"]
[SourceTitle "playchess.com"]
[Source "ChessBase"]
[SourceQuality "1"]
[TimeControl "5400+30"]

1. e4 e6 2. d4 d5 3. Nc3 Nf6 4. Bg5 {[%emt 0:00:35]} Bb4 {[%emt 0:00:09]} 5. e5 {[%emt 0:00:17]} h6 {[%emt 0:00:04]} 6. Bd2 {[%emt 0:00:51]} Bxc3 {[%emt 0:00:05]} 7. bxc3 {[%emt 0:00:10]} Ne4 {[%emt 0:00:04]} 8. Qg4 {[%emt 0:00:12]} Kf8 {[%emt 0:00:05]} 9. Bd3 {[%emt 0:01:39]} Nxd2 {[%emt 0:00:07]} 10. Kxd2 {[%emt 0:00:30]} c5 {[%emt 0:00:30]} 11. Nf3 {[%emt 0:00:30]} cxd4 {[%emt 0:00:30] C12: French: Classical System: McCutcheon Variation} 12. cxd4 {[%emt 0:00:30]} (12. Nxd4 Qg5+ 13. Qxg5 hxg5 14. h3 Nd7 15. Rae1 Nc5 16. Rhf1 Bd7 17. f4 gxf4 18. Rxf4 Ke7 19. Ref1 {0-1 (77) Inarkiev,E (2693)-Nepomniachtchi,I (2707) Novosibirsk 2012}) 12... Qa5+ {[%emt 0:00:30]} 13. c3 {[%emt 0:00:30]} Qa3 $146 {[%emt 0:00:30]} ({Predecessor:} 13... b6 14. Qf4 Nc6 15. h4 Ba6 16. Bg6 Nd8 17. Ne1 Qb5 18. Qf3 Rc8 19. Nc2 {0-1 (32) Borisenko,V (2302)-Anton Guijarro,D (2462) Albena 2011}) 14. Ne1 {[%emt 0:18:31]} Nc6 {[%emt 0:05:49]} 15. Nc2 {[%emt 0:01:29]} Qe7 {[%emt 0:01:52]} 16. f4 {[%emt 0:05:36]} g6 {[%emt 0:35:54]} 17. h4 {[%emt 0:02:28]} h5 {[%emt 0:00:43]} 18. Qg5 {[%emt 0:08:43]} Bd7 {[%emt 0:00:16]} 19. Ne3 {[%emt 0:07:45]} Rc8 {[%emt 0:09:48]} 20. g4 {[%emt 0:05:43]} Qa3 {[%emt 0:14:41]} 21. Nc2 {[%emt 0:20:17]} Qa5 {[%emt 0:06:22]} 22. f5 {[%emt 0:00:30] [#]} Nxe5 $1 {[%emt 0:06:21]} 23. dxe5 {[%emt 0:10:11]} Qxc3+ {[%emt 0:00:09]} 24. Ke3 {[%emt 0:08:33]} (24. Ke2 $142 Bb5 25. Qd2 Qxc2 26. Qxc2 Rxc2+ 27. Ke3) 24... Bb5 $1 {[%emt 0:01:01]} 25. Nb4 {[%emt 0:04:03]} Qxe5+ {[%emt 0:03:15]} (25... Qxb4 26. fxg6 Qc5+ 27. Kf3 $15) 26. Kd2 {[%emt 0:01:08]} Qc3+ {[%emt 0:04:13]} 27. Ke3 {[%emt 0:00:26]} exf5 {[%emt 0:00:35]} 28. Rac1 {[%emt 0:02:03]} Re8+ {[%emt 0:00:09]} 29. Kf3 {[%emt 0:00:45]} hxg4+ {[%emt 0:00:48]} 30. Kg3 {[%emt 0:00:08]} Qxb4 {[%emt 0:00:31]} 31. Bxb5 {[%emt 0:00:36]} Qxb5 {[%emt 0:01:03]} 32. Qd2 {[%emt 0:00:45]} Qe2 {[%emt 0:02:08]} 33. Qb4+ {[%emt 0:00:35]} Kg7 {[%emt 0:00:39]} 34. Qd4+ {[%emt 0:00:14]} Qe5+ {[%emt 0:00:18]} 0-1

[Event "Nacional Masters POR 2017-18"]
[Site "Cascais"]
[Date "2018.08.16"]
[Round "7"]
[White "Martins, David Pires Tavares"]
[Black "Padeiro, Jose Joao Tato"]
[Result "1-0"]
[WhiteElo "2397"]
[BlackElo "2241"]
[Annotator "TA"]
[PlyCount "145"]
[EventDate "2018.08.11"]
[EventType "tourn"]
[EventCountry "POR"]
[SourceTitle "playchess.com"]
[Source "ChessBase"]
[SourceQuality "1"]

{[%evp 14,145,-14,-10,14,10,29,29,23,36,29,29,52,56,68,37,47,37,40,-3,32,0,12,0,19,19,12,18,15,12,19,12,32,17,31,32,30,29,38,33,102,94,93,86,97,55,58,26,24,42,92,42,47,48,48,4,12,0,51,62,58,33,160,135,159,154,154,131,131,132,122,124,183,177,252,267,266,265,250,247,242,0,197,204,229,147,403,368,389,228,1338,1327,1290,1300,1167,1123,1032,981,954,933,1464,891,12820,827,12845,12504,4133,2120,3265,2217,1527,1409,29959,29959,29968,29963,29969,29969,29968,29969,29972,29973,29968,29962,29983,29984,29984,29985,29985,29986,29987,29987,29987,29988]} 1. Nf3 d5 2. c4 c6 3. g3 Nf6 4. Bg2 g6 5. d4 Bg7 6. O-O O-O 7. Qb3 Qb6 8. Nc3 {[%cal Rc4d5] LiveBook: 533 Games} Bg4 {D78: Fianchetto Grünfeld: 6 0-0 c6} (8... Rd8 9. Bd2 Bf5 10. Qa3 e6 11. e4 Nxe4 12. Nxe4 dxe4 13. Ba5 Qa6 14. Bxd8 Qxa3 15. bxa3 exf3 16. Bxf3 Nd7 17. Bg5 Bxd4 18. Rad1 e5 19. Rfe1 Nc5 20. Bf6 Nd7 21. Rxd4 exd4 22. Bxd4 {½-½ (22) Mamedyarov,S (2808)-Vachier Lagrave,M (2789) Leuven 2018}) 9. h3 Bxf3 10. Bxf3 {[%cal Rc4d5]} e6 {White has an edge.} 11. Rd1 Nbd7 12. Bf4 $146 ({Predecessor:} 12. e3 Rfe8 13. Bg2 Rac8 14. Bd2 a6 15. Be1 Qxb3 16. axb3 {1-0 (35) Pashikian,A (2594)-Tiraturyan,D (2260) Tsaghkadzor 2017}) 12... Qa6 13. cxd5 exd5 14. Na4 Rfe8 15. Qc2 Ne4 16. b4 Rac8 17. Nc3 {[%cal Rc3e4]} Qc4 18. Rac1 Nxc3 19. Qxc3 Qxc3 20. Rxc3 a6 21. e3 Bf8 22. Rb1 Nb6 23. Bg4 f5 24. Be2 Kf7 25. g4 fxg4 26. hxg4 h6 (26... Red8 $14) 27. Kg2 $16 Re6 28. Rc2 g5 29. Bg3 Bd6 30. Bd3 {Hoping for Bf5.} Bxg3 31. Kxg3 Rf6 32. Ra1 Ke7 33. a4 Ra8 34. Rc5 Raf8 {[#] ...Rf3+ is the strong threat.} 35. Rc2 Ra8 $1 36. Raa2 Kd6 37. Rc5 Nc4 {[#]} ({Black should play} 37... Raf8 $14) 38. a5 $1 (38. Bxc4 $6 b6 $14) 38... Rh8 39. Bxc4 dxc4 {[%mdl 4096] Endgame KRR-KRR} 40. Rd2 h5 41. gxh5 Rxh5 42. d5 {Threatens to win with dxc6+.} cxd5 (42... c3 $16 43. Rxc3 cxd5) 43. Rdxd5+ $18 Ke7 (43... Ke6 $142 44. Re5+ (44. Rxg5 Rxg5+ 45. Rxg5 Kd7 $16) 44... Kd6 45. Rcd5+ (45. Rxg5 Rxg5+ 46. Rxg5 Rf7 $16) 45... Kc7) 44. Rxc4 Rh1 45. Kg2 Rb1 46. Rxg5 Rb2 47. Rc7+ $2 (47. Rg7+ $18 Kd6 48. Kg3 (48. Rxb7 Rbxf2+ 49. Kg3 R2f3+ 50. Kg4 Rxe3 $18)) 47... Kd6 $2 (47... Ke6 $11) 48. Rxb7 Rfxf2+ 49. Kh3 Rh2+ $2 {[%mdl 8192]} (49... Rf3+ $16 {was necessary.} 50. Rg3 Rf1 51. Rb6+ Ke5 52. Rxa6 Rh1+ 53. Kg4 Rh8) 50. Kg4 Rhg2+ 51. Kh5 (51. Kf5 $142) 51... Rxg5+ $2 (51... Rh2+ 52. Kg6 Rh4 53. Rb6+ Kd7 54. Rd5+ Kc7 55. Rc5+ Kd7 56. Rd5+ Kc7) 52. Kxg5 {KR-KR} Ke5 53. Rb6 Rg2+ 54. Kh4 Rb2 55. Kg3 Ke4 56. Re6+ Kd5 57. Rxa6 Rxb4 58. Kf3 (58. Ra8 $142 Ra4 59. a6) 58... Rh4 59. Ra8 Rh3+ 60. Ke2 Kc4 61. a6 Kb5 62. Kd3 (62. a7 Kb6 $18) 62... Rh7 63. e4 {[%cal Be3e4,Be4e5][%mdl 32] White mates.} Kc5 64. Ke3 ({Not} 64. a7 Rh3+ 65. Ke2 Kb6 $16) 64... Rf7 65. a7 Kb6 66. e5 Kb7 67. Rb8+ Kxa7 68. Rb1 Rb7 69. Rxb7+ Kxb7 70. Ke4 Kc7 71. Kf5 Kd8 72. Kf6 Ke8 73. Ke6 {Precision: White = 60%, Black = 34%.} 1-0

[Event "Nacional Masters POR 2017-18"]
[Site "Cascais"]
[Date "2018.08.15"]
[Round "7"]
[White "Dias, Ivo Rodrigues"]
[Black "Fidalgo, Andre Neves"]
[Result "1/2-1/2"]
[WhiteElo "2164"]
[BlackElo "2187"]
[Annotator "TA"]
[PlyCount "69"]
[EventDate "2018.08.11"]
[EventType "tourn"]
[EventCountry "POR"]
[SourceTitle "playchess.com"]
[Source "ChessBase"]
[SourceQuality "1"]

{[%evp 21,69,38,52,21,50,39,46,60,100,98,79,98,137,51,25,23,96,89,96,90,357,400,597,578,777,734,1041,1037,1034,1001,945,886,1173,1152,901,685,885,808,666,853,739,400,343,347,295,70,77,5,121,1]} 1. e4 c5 2. Nf3 Nc6 3. d4 cxd4 4. Nxd4 g6 5. c4 Nf6 6. Nc3 d6 7. Be2 Nxd4 8. Qxd4 Bg7 9. Be3 O-O 10. Qd3 a5 {B36: Sicilian: Maroczy Bind: Gurgenidze System} 11. O-O (11. Bd4 a4 12. O-O Qa5 13. f4 Be6 14. f5 Bd7 15. Kh1 Bc6 16. Nd5 Bxd5 17. exd5 Nd7 18. Bxg7 Kxg7 {0-1 (63) Anton Guijarro,D (2666)-Guseinov,G (2646) Riadh 2017}) 11... a4 {LiveBook: 4 Games} 12. Rad1 Qa5 {The position is equal.} 13. Bd4 Be6 14. f4 Rfc8 $146 ({Predecessor:} 14... Rfe8 15. f5 Bd7 16. c5 gxf5 17. exf5 Bc6 18. cxd6 exd6 {½-½ (30) Ribeiro,M (2149)-Mandetta,J (2337) Florianopolis 2017}) 15. b3 $1 axb3 16. axb3 Bg4 17. Bxf6 (17. Bxg4 $16 Nxg4 18. Nd5 Bxd4+ 19. Qxd4) 17... Bxe2 $14 18. Qxe2 {Hoping for Bxg7.} Bxf6 (18... Qb6+ $11 19. Qf2 Qxf2+ 20. Rxf2 Bxf6) 19. Nd5 $16 Qc5+ 20. Kh1 Ra3 $2 {[%mdl 8192] [#]} (20... Re8 $16) 21. e5 $1 $18 {[%cal Re5f6]} dxe5 (21... Bh4 $142 22. Qg4 e6 23. Qxh4 exd5 24. Rxd5 Qc7 25. exd6 Qd8) 22. fxe5 Bg5 23. Qg4 e6 24. Qxg5 {Threatening mate with Ne7+.} exd5 25. cxd5 Raa8 26. d6 Rf8 27. Qf6 Qe3 28. Rf3 Qe2 29. Rdf1 Rad8 30. h4 h5 31. d7 Rxd7 {[#]} 32. e6 $1 {[%mdl 512]} Rc7 (32... Qxe6 33. Qxe6) 33. exf7+ $2 (33. Rg3 $18 {Threatens to win with Kh2.} Kh7 34. Kh2 (34. exf7 Qe4 $16)) 33... Kh7 $14 34. Qd6 (34. Qg5 $16) 34... Re7 {[#]} (34... Qe7 $1 $11 {keeps the balance.} 35. Qg3 Rc6) 35. Qc5 {Precision: White = 48%, Black = 32%.} ({White must play} 35. Rf6 $1 $16 Qe5 36. Rxg6 Qxd6 37. Rxd6) 1/2-1/2